00624 2200217 4500001002100000005001500021035002000036007000300056008004100059082002100100084002700121100001600148245003800164260006900202300002600271650001000297650001700307520002400324856003400348990002400382INLIS00000000000829520260428100831 a0010-0426000144ta260428 0 ind  a635.262 : 631.53 a635.262 : 631.53 BAS p0 aBASWARSIATI1 aProduksi Benih Sebar Bawang Putih aMalang :bBalai Pengkajian Teknologi Pertanian Jawa Timur,c2017 a32p. :bIlus ;c29 cm 4aBenih 4aBawang putih aLaporan Akhir Tahun aPerpustakaan BBRMP Jawa Timur a436/2026/BBRMPJATIM